European journal of environmental sciences
Saved in:
| Format: | Serial |
|---|---|
| Language: | English |
| Published: |
Praha
Univerzita Karlova v Praze. Nakladatelství Karolinum
2014
|
| Subjects: | |
| Tags: |
No Tags, Be the first to tag this record!
|
MARC
| LEADER | 00000nas2a2200000 4500 | ||
|---|---|---|---|
| 001 | 0251908 | ||
| 005 | 20190313115756.1 | ||
| 022 | |a 1805-0174 | ||
| 041 | 0 | |a eng | |
| 044 | |a CZ | ||
| 245 | 1 | 0 | |a European journal of environmental sciences |
| 264 | 1 | |a Praha |b Univerzita Karlova v Praze. Nakladatelství Karolinum |c 2014 | |
| 773 | 0 | |w eu_un_cat*0149473 | |
| 610 | 2 | 0 | |a prostredie životné |
| 610 | 2 | 0 | |a vedy prírodné |
| 610 | 2 | 0 | |a znečistenie prostredia životného |
| 610 | 2 | 0 | |a ochrana prostredia životného |